| 000 | 00794nam a22002055i 4500 | ||
|---|---|---|---|
| 001 | 153732 | ||
| 003 | ES-MaACL | ||
| 005 | 20250827062628.0 | ||
| 008 | 990616s1883 sp l |||| | spa d | ||
| 040 |
_aCCPB | B _bspa _cCCPB | B |
||
| 110 | 1 |
_aEspaña _93622 |
|
| 240 | 1 | 0 | _aLeyes, etc., hipotecarias |
| 245 | 1 | 3 |
_aLa legislacion hipotecaria en forma de sinopsis _b: comprende la ley hipotecaria y reglamento de la peninsula e islas de Cuba y Puerto-Rico y todas las leyes ... / _cpor Rafael Ramos. |
| 260 |
_aMadrid : _b[s.n.], _c1883 ( _fImprenta de la Revista de Legislación a cargo de M. Ramos) |
||
| 300 |
_a512 p. ; _c24 cm. |
||
| 650 | 4 |
_aHipotecas- _zEspaña. _913364 |
|
| 700 | 0 |
_aRamos, Rafael. _995276 |
|
| 852 |
_aES-MaACL _jF-7841 _z-- Enc. pasta |
||
| 999 |
_c153732 _d153732 |
||